[Event "42nd Bosna it"]
[Site "Sarajevo YUG"]
[Date "2012.05.05"]
[Round "1.1"]
[White "Pancevski, Filip"]
[Black "Postny, Evgeny"]
[Result "1-0"]
[WhiteElo "2473"]
[BlackElo "2651"]
[EventDate "2012.05.05"]
[PlyCount "81"]

1.e4 e5 2.Nf3 Nc6 3.Bc4 Bc5 4.d3 Nf6 5.O-O O-O 6.Bb3 d5 7.Nbd2 Be6 8.c3 a5
9.a4 h6 10.h3 Re8 11.Re1 Qd7 12.Nf1 Rad8 13.Bd2 Bb6 14.Bc2 d4 15.Ng3 Qd6 
16.Ne2 Nxe4 17.dxe4 d3 18.Bb3 dxe2 19.Rxe2 Qd3 20.Re1 Nd4 21.Nxd4 exd4 22.
c4 Bxh3 23.Bc2 Qxc4 24.gxh3 Re6 25.Bb3 Rg6+ 26.Kh2 Qc5 27.Bf4 d3 28.Bg3 d2
29.Re2 Qb4 30.e5 Bc5 31.Qc2 Rc6 32.e6 fxe6 33.Rxe6 Kh8 34.Rxc6 bxc6 35.Rd1
Bd6 36.Qc4 Bxg3+ 37.fxg3 Qe7 38.Qe6 Qc5 39.Kg2 Qd4 40.Bc2 Qc5 41.Qe4 1-0

[Event "42nd Bosna it"]
[Site "Sarajevo YUG"]
[Date "2012.05.05"]
[Round "1.2"]
[White "Melkumian, Hrant"]
[Black "Dizdarevic, Emir"]
[Result "1-0"]
[WhiteElo "2642"]
[BlackElo "2462"]
[EventDate "2012.05.05"]
[PlyCount "75"]

1.d4 e6 2.Nf3 Nf6 3.g3 b6 4.Bg2 Bb7 5.c4 c5 6.d5 exd5 7.Ng5 Na6 8.Nc3 Nc7 
9.O-O Be7 10.cxd5 d6 11.e4 O-O 12.f4 Rb8 13.a4 a6 14.Nh3 b5 15.Nf2 b4 16.
Ne2 a5 17.g4 Ba6 18.g5 Nd7 19.Ng4 Re8 20.Rf3 Bf8 21.Ng3 g6 22.b3 Bg7 23.
Rb1 f6 24.h4 Qe7 25.Bb2 Rf8 26.Bf1 Bxf1 27.Qxf1 Rbe8 28.Qg2 Rc8 29.gxf6 
Nxf6 30.Nxf6+ Bxf6 31.h5 Bxb2 32.Rxb2 Qf6 33.hxg6 hxg6 34.Rbf2 Qa1+ 35.Nf1
Rf6 36.e5 Rf7 37.Rg3 Rg7 38.Rxg6 1-0

[Event "42nd Bosna it"]
[Site "Sarajevo YUG"]
[Date "2012.05.05"]
[Round "1.3"]
[White "Arsovic, Zoran"]
[Black "Predojevic, Borki"]
[Result "1/2-1/2"]
[WhiteElo "2455"]
[BlackElo "2637"]
[EventDate "2012.05.05"]
[PlyCount "56"]

1.Nf3 b6 2.g3 Bb7 3.Bg2 g6 4.O-O Bg7 5.d4 f5 6.d5 Nf6 7.c4 O-O 8.Nc3 Na6 
9.e4 Nxe4 10.Nxe4 fxe4 11.Ng5 Nc5 12.Nxe4 Nxe4 13.Bxe4 e6 14.Rb1 Qf6 15.
Be3 Rae8 16.Bg2 d6 17.Qd2 a5 18.h4 Qf5 19.dxe6 Bxg2 20.Kxg2 Qe4+ 21.Kg1 
Rxe6 22.Qd5 Rf5 23.Qxe4 Rxe4 24.b3 Kf7 25.Rfd1 Ke6 26.Kg2 h5 27.Rd3 Kd7 
28.a4 Re6 1/2-1/2

[Event "42nd Bosna it"]
[Site "Sarajevo YUG"]
[Date "2012.05.05"]
[Round "1.4"]
[White "Erdos, Viktor"]
[Black "Batricevic, Sasa"]
[Result "1-0"]
[WhiteElo "2624"]
[BlackElo "2224"]
[EventDate "2012.05.05"]
[PlyCount "105"]

1.d4 d5 2.Nf3 c5 3.c4 e6 4.cxd5 exd5 5.g3 Nc6 6.Bg2 Nf6 7.O-O cxd4 8.Nxd4 
Be7 9.Nxc6 bxc6 10.Qc2 Bd7 11.Nc3 O-O 12.Rd1 Qc8 13.Be3 Bh3 14.Bh1 Ng4 15.
Bd4 Re8 16.Na4 Qe6 17.e4 Qh6 18.exd5 Nxh2 19.f3 Nf1 20.Rxf1 Bxf1 21.Rxf1 
cxd5 22.f4 Rac8 23.Qd3 Bf6 24.Bf2 d4 25.Be4 Qh5 26.b4 Rc7 27.Kg2 g6 28.Nc5
Qh6 29.Bf3 Qf8 30.Rd1 Rd8 31.Qa6 Bg7 32.a3 Qd6 33.Qxd6 Rxd6 34.g4 f5 35.g5
h6 36.Be2 h5 37.Bd3 Re7 38.Rc1 Kh7 39.Na6 Ree6 40.b5 Bf8 41.Rc8 Bg7 42.Rc7
Re4 43.Kf3 Rde6 44.Nc5 Re7 45.Rc6 Re3+ 46.Kg2 R3e4 47.Kf3 Re3+ 48.Bxe3 
Rxe3+ 49.Kg2 Bf8 50.Rc7+ Kh8 51.Bc4 Bd6 52.Rc8+ Kg7 53.Nd7 1-0

[Event "42nd Bosna it"]
[Site "Sarajevo YUG"]
[Date "2012.05.05"]
[Round "1.6"]
[White "Palac, Mladen"]
[Black "Antipov, Mikhail"]
[Result "1-0"]
[WhiteElo "2604"]
[BlackElo "2433"]
[EventDate "2012.05.05"]
[PlyCount "103"]

1.e4 c5 2.Nf3 d6 3.d4 cxd4 4.Nxd4 Nf6 5.Nc3 a6 6.Be3 e5 7.Nb3 Be6 8.h3 
Nbd7 9.g4 Rc8 10.Qd2 Nb6 11.O-O-O Be7 12.f4 exf4 13.Bxf4 d5 14.Qe3 Bb4 15.
Nxd5 Nbxd5 16.exd5 Nxd5 17.Qe5 Qe7 18.Qxg7 Qf8 19.Qxf8+ Bxf8 20.Bd2 Nb4 
21.Bxb4 Bxb4 22.Bg2 Bxb3 23.axb3 Rc7 24.Rd5 O-O 25.Rhd1 Re8 26.Rd8 Kf8 27.
c3 Be7 28.R8d7 Bg5+ 29.Kb1 Re7 30.Rxc7 Rxc7 31.b4 Ke7 32.Rd5 h6 33.b5 Rd7 
34.Rf5 Kd8 35.bxa6 bxa6 36.Bd5 f6 37.Bc4 Rd1+ 38.Ka2 Rh1 39.Ra5 Rxh3 40.
Rxa6 h5 41.gxh5 Rxh5 42.b4 Kc7 43.Kb3 Bd2 44.b5 Rh3 45.Rc6+ Kb8 46.Bf7 Be1
47.Kc2 f5 48.c4 Bb4 49.Bd5 f4 50.b6 Ba5 51.Rf6 Rh8 52.Kb3 1-0

[Event "42nd Bosna it"]
[Site "Sarajevo YUG"]
[Date "2012.05.05"]
[Round "1.7"]
[White "Bogut, Zeljko"]
[Black "Kozul, Zdenko"]
[Result "0-1"]
[WhiteElo "2426"]
[BlackElo "2593"]
[EventDate "2012.05.05"]
[PlyCount "152"]

1.e4 c5 2.Nf3 Nc6 3.d4 cxd4 4.Nxd4 Qb6 5.Nxc6 dxc6 6.Bd3 e5 7.O-O Ne7 8.a4
Ng6 9.a5 Qc7 10.Be3 Be7 11.Nd2 O-O 12.Qe2 Re8 13.g3 Rd8 14.Nc4 Be6 15.f3 
Bb4 16.Ra4 Bxc4 17.Rxb4 Bxd3 18.cxd3 Rd7 19.Ra1 h5 20.Qc2 Qd6 21.Qb3 Qe7 
22.Rc4 Qf6 23.Rf1 h4 24.Qc2 a6 25.Rc3 Re8 26.f4 exf4 27.gxf4 Ne7 28.Qf2 
Qg6+ 29.Qg2 f5 30.Bc5 Qh5 31.Bxe7 Rexe7 32.Rc5 Rf7 33.Qf3 Qxf3 34.Rxf3 
fxe4 35.dxe4 Rd2 36.b3 Re2 37.e5 Rd7 38.Rf2 Re3 39.Rc1 Kf7 40.Rg2 Rd5 41.
Rg4 h3 42.b4 Re4 43.Rf1 Rdd4 44.Rf3 Rd2 45.Rf2 Rd1+ 46.Rf1 Rxf1+ 47.Kxf1 
Rxb4 48.Kf2 Rb5 49.Rg5 c5 50.f5 c4 51.e6+ Kf6 52.Rg6+ Kxf5 53.e7 Re5 54.
Rxg7 c3 55.Rf7+ Ke4 56.Ke2 Kd4+ 57.Kd1 Kd3 58.Rf3+ Kc4 59.Rf7 Kb3 60.e8=Q 
Rxe8 61.Rxb7+ Kc4 62.Rc7+ Kb4 63.Rb7+ Kxa5 64.Kc2 Re3 65.Kb3 Re2 66.Kxc3 
Rxh2 67.Rh7 Rh1 68.Rh5+ Kb6 69.Rh6+ Kb5 70.Rh5+ Kc6 71.Kb2 Kd6 72.Ra5 Rg1 
73.Rxa6+ Ke5 74.Rh6 Rg3 75.Kc2 Ke4 76.Kd2 Kf3 0-1

[Event "42nd Bosna it"]
[Site "Sarajevo YUG"]
[Date "2012.05.05"]
[Round "1.8"]
[White "Banusz, Tamas"]
[Black "Tomic, Bosko"]
[Result "1/2-1/2"]
[WhiteElo "2582"]
[BlackElo "2418"]
[EventDate "2012.05.05"]
[PlyCount "118"]

1.Nf3 Nf6 2.c4 g6 3.Nc3 Bg7 4.e4 c5 5.d4 cxd4 6.Nxd4 O-O 7.Be2 Nc6 8.Be3 
d6 9.O-O Nxd4 10.Bxd4 Bd7 11.Qd2 Qa5 12.f3 Rfc8 13.Rfd1 Be6 14.b3 a6 15.
Qb2 Nh5 16.Bxg7 Nxg7 17.Nd5 Bxd5 18.Rxd5 Qb6+ 19.Kh1 Ne6 20.Qd2 Rc5 21.Rd1
a5 22.Rd3 Re5 23.g3 Qb4 24.Qb2 Nc5 25.Re3 f5 26.Rd5 Rxd5 27.exd5 Qe1+ 28.
Kg2 Re8 29.Qd4 e5 30.dxe6 Rxe6 31.Qd5 Kf7 32.f4 Ke7 33.Rxe6+ Nxe6 34.Bf3 
Nc5 35.Qg8 Nd3 36.Qxh7+ Kf6 37.Qh8+ Ke7 38.Qg7+ Kd8 39.Qf8+ Kd7 40.Qf7+ 
Kd8 41.Qd5 Qe3 42.Qxd6+ Kc8 43.Qf8+ Kd7 44.Qf7+ Kd8 45.Qd5+ Ke8 46.Qg8+ 
Ke7 47.Qg7+ Kd8 48.Qf6+ Kc7 49.Qf7+ Kd8 50.Qxg6 Ne1+ 51.Kh3 Nxf3 52.Qxf5 
b6 53.Qf8+ Kc7 54.Qg7+ Kb8 55.Qg8+ Ka7 56.Qf7+ Kb8 57.Qd5 Qe2 58.Qd8+ Kb7 
59.Qd7+ Kb8 1/2-1/2

[Event "42nd Bosna it"]
[Site "Sarajevo YUG"]
[Date "2012.05.05"]
[Round "1.9"]
[White "Kadric, Denis"]
[Black "Brkic, Ante"]
[Result "1/2-1/2"]
[WhiteElo "2407"]
[BlackElo "2569"]
[EventDate "2012.05.05"]
[PlyCount "43"]

1.e4 e5 2.Nf3 Nc6 3.Bb5 a6 4.Bxc6 dxc6 5.O-O Be6 6.b3 c5 7.d3 f6 8.Be3 Qd7
9.a4 a5 10.Na3 b6 11.Nc4 Ne7 12.Qe2 Nc6 13.c3 Qf7 14.Ne1 Rd8 15.f4 exf4 
16.Bxf4 Bxc4 17.bxc4 Bd6 18.Be3 O-O 19.Nf3 Ne5 20.Nxe5 Bxe5 21.Qc2 Qh5 22.
Bf4 1/2-1/2

[Event "42nd Bosna it"]
[Site "Sarajevo YUG"]
[Date "2012.05.05"]
[Round "1.10"]
[White "Jankovic, Alojzije"]
[Black "Bejtovic, Jasmin"]
[Result "1-0"]
[WhiteElo "2564"]
[BlackElo "2391"]
[EventDate "2012.05.05"]
[PlyCount "77"]

1.d4 Nf6 2.Nf3 g6 3.c4 Bg7 4.Nc3 d6 5.e4 O-O 6.Be2 c5 7.d5 e6 8.Nd2 exd5 
9.cxd5 b6 10.O-O Ba6 11.Bxa6 Nxa6 12.Nc4 Nc7 13.Bf4 b5 14.Nxd6 Nh5 15.Qf3 
Nxf4 16.Qxf4 Rb8 17.Rad1 Bd4 18.Qg3 Kh8 19.e5 f6 20.exf6 Qxf6 21.Nde4 Qg7 
22.Ng5 Qd7 23.b4 Nxd5 24.Nce4 Nf4 25.Kh1 cxb4 26.Qh4 h5 27.Nf3 Ne6 28.Nxd4
Nxd4 29.Nc5 Nf5 30.Nxd7 Nxh4 31.Nxb8 Rxb8 32.Rd4 Nf5 33.Rxb4 a5 34.Rb2 Nd6
35.Rc1 Re8 36.g3 Re5 37.Rd2 Nc4 38.Rd8+ Kg7 39.a4 1-0

[Event "42nd Bosna it"]
[Site "Sarajevo YUG"]
[Date "2012.05.05"]
[Round "1.11"]
[White "Nestorovic, Dejan"]
[Black "Ipatov, Alexander"]
[Result "1/2-1/2"]
[WhiteElo "2390"]
[BlackElo "2561"]
[EventDate "2012.05.05"]
[PlyCount "30"]

1.d4 b6 2.e4 Bb7 3.Bd3 g6 4.Nf3 Bg7 5.c4 d6 6.Nc3 Nd7 7.O-O e5 8.Bg5 Ne7 
9.Bc2 h6 10.Be3 Nc6 11.d5 Ne7 12.Ne1 O-O 13.Qd2 g5 14.f3 a5 15.Nd3 Nc5 
1/2-1/2

[Event "42nd Bosna it"]
[Site "Sarajevo YUG"]
[Date "2012.05.05"]
[Round "1.12"]
[White "Kovacevic, Aleksandar"]
[Black "Bistric, Faruk"]
[Result "1-0"]
[WhiteElo "2557"]
[BlackElo "2383"]
[EventDate "2012.05.05"]
[PlyCount "69"]

1.e4 c6 2.Nc3 d5 3.Nf3 dxe4 4.Nxe4 Nf6 5.Nxf6+ gxf6 6.d4 Bg4 7.Be2 Qc7 8.
O-O Nd7 9.Nh4 Bxe2 10.Qxe2 e6 11.c4 O-O-O 12.Rd1 Bd6 13.g3 Rde8 14.Qh5 f5 
15.Qxf7 Rhf8 16.Qh5 f4 17.Ng2 e5 18.dxe5 Rxe5 19.Qxh7 fxg3 20.hxg3 Re7 21.
Qh6 Rf6 22.Qh3 Rff7 23.Bf4 Bxf4 24.Nxf4 Rxf4 25.gxf4 Qxf4 26.Rxd7 Rxd7 27.
Rd1 Qg5+ 28.Kf1 Qe7 29.Qxd7+ Qxd7 30.Rxd7 Kxd7 31.Ke2 Ke6 32.Ke3 Ke5 33.
f4+ Kf5 34.c5 Kf6 35.Ke4 1-0

[Event "42nd Bosna it"]
[Site "Sarajevo YUG"]
[Date "2012.05.05"]
[Round "1.13"]
[White "Nestorovic, Lazar"]
[Black "Kurajica, Bojan"]
[Result "1/2-1/2"]
[WhiteElo "2365"]
[BlackElo "2556"]
[EventDate "2012.05.05"]
[PlyCount "91"]

1.e4 c5 2.Nf3 Nc6 3.d4 cxd4 4.Nxd4 Qb6 5.Nb3 Nf6 6.Nc3 e6 7.Bd3 a6 8.O-O 
d6 9.Kh1 Qc7 10.f4 b5 11.a3 g6 12.Qf3 Bb7 13.Bd2 Bg7 14.Rae1 O-O 15.Qh3 b4
16.axb4 Nxb4 17.Nb5 axb5 18.Bxb4 Rfd8 19.f5 exf5 20.exf5 Re8 21.fxg6 hxg6 
22.Bc3 Rxe1 23.Rxe1 Nh5 24.Bxg7 Nxg7 25.Nd4 b4 26.Qh4 Qc5 27.h3 Re8 28.
Rxe8+ Nxe8 29.Ne2 Qd5 30.Qg3 Kg7 31.Nf4 Qe5 32.b3 Nf6 33.Kh2 Ne4 34.Bxe4 
Bxe4 35.Nd3 Bxd3 36.Qxe5+ dxe5 37.cxd3 Kf6 38.g4 g5 39.Kg3 Ke6 40.Kf3 Kd5 
41.Ke3 f6 42.Ke2 Kd4 43.Kd2 e4 44.dxe4 Kxe4 45.Ke2 Kd4 46.Kd2 1/2-1/2

[Event "42nd Bosna it"]
[Site "Sarajevo YUG"]
[Date "2012.05.05"]
[Round "1.14"]
[White "Nabaty, Tamir"]
[Black "Rasidovic, Sead"]
[Result "1-0"]
[WhiteElo "2553"]
[BlackElo "2359"]
[EventDate "2012.05.05"]
[PlyCount "89"]

1.d4 e6 2.g3 f5 3.Bg2 Nf6 4.Nd2 Nc6 5.c3 d6 6.e4 e5 7.d5 Ne7 8.Ne2 fxe4 9.
c4 e3 10.fxe3 c6 11.Qb3 cxd5 12.cxd5 b6 13.e4 Qd7 14.Nc3 Ba6 15.Bf1 Bxf1 
16.Rxf1 Ng6 17.a4 Be7 18.Qb5 a6 19.Qxd7+ Kxd7 20.Nc4 Rab8 21.Be3 Bd8 22.
Ra3 Ne7 23.Rb3 Nc8 24.Ke2 h6 25.Kd3 Bc7 26.Na2 Ke8 27.Rc1 Nd7 28.Nxb6 Bxb6
29.a5 Rf8 30.axb6 Nc5+ 31.Bxc5 dxc5 32.Ke2 Nd6 33.Rxc5 Nxe4 34.Rc6 a5 35.
Nc3 Nf6 36.b7 Kd7 37.Ra6 Kc7 38.Rc6+ Kd7 39.Rbb6 Rfd8 40.Re6 Re8 41.Rbd6+ 
Kc7 42.Nb5+ Kxb7 43.Rb6+ Ka8 44.Ra6+ Kb7 45.Ra7+ 1-0

[Event "42nd Bosna it"]
[Site "Sarajevo YUG"]
[Date "2012.05.05"]
[Round "1.15"]
[White "Mestrovic, Zvonimir"]
[Black "Cvitan, Ognjen"]
[Result "0-1"]
[WhiteElo "2357"]
[BlackElo "2541"]
[EventDate "2012.05.05"]
[PlyCount "70"]

1.e4 c5 2.c3 Nf6 3.e5 Nd5 4.d4 cxd4 5.Nf3 Nc6 6.Bc4 e6 7.O-O d6 8.cxd4 Be7
9.exd6 Qxd6 10.Nc3 O-O 11.Qe2 a6 12.Rd1 Bd7 13.Ne5 Nxc3 14.bxc3 Nxe5 15.
dxe5 Qc7 16.Rd4 Rfd8 17.Bd3 g6 18.h4 Bb5 19.Bxb5 axb5 20.Bg5 Bxg5 21.hxg5 
Qxc3 22.Rdd1 b4 23.Rac1 Rxd1+ 24.Rxd1 b3 25.axb3 Qxb3 26.Kh2 b5 27.Rd4 Qc3
28.Qe4 Ra4 29.Rxa4 bxa4 30.f4 Qa5 31.Qc4 a3 32.Qa2 Qb4 33.Kg3 Qb2 34.Qc4 
a2 35.Qd3 Kg7 0-1

[Event "42nd Bosna it"]
[Site "Sarajevo YUG"]
[Date "2012.05.05"]
[Round "1.16"]
[White "Yilmaz, Mustafa"]
[Black "Sutkovic, Damir"]
[Result "1-0"]
[WhiteElo "2536"]
[BlackElo "2357"]
[EventDate "2012.05.05"]
[PlyCount "73"]

1.d4 Nf6 2.c4 c5 3.Nf3 e6 4.e3 b6 5.Nc3 Bb7 6.d5 exd5 7.cxd5 d6 8.e4 Nbd7 
9.Be2 a6 10.a4 g6 11.Bf4 Nh5 12.Bg5 Be7 13.Bh6 Bf6 14.Nd2 Ng7 15.Nc4 Ne5 
16.Ne3 O-O 17.O-O g5 18.Kh1 Bc8 19.g3 Re8 20.f4 Ng6 21.Bf3 Bh3 22.Re1 gxf4
23.gxf4 Bh4 24.Re2 Qf6 25.Ng2 Ne5 26.Bxg7 Kxg7 27.Nxh4 Qxf4 28.Qg1+ Ng6 
29.Qg3 Qxh4 30.Qxd6 Re5 31.Qxb6 Qf4 32.Bg2 Rh5 33.Bxh3 Rxh3 34.Qxc5 Qf3+ 
35.Rg2 Rb8 36.Qf2 Qh5 37.Rf1 1-0

[Event "42nd Bosna it"]
[Site "Sarajevo YUG"]
[Date "2012.05.05"]
[Round "1.17"]
[White "Nikolova, Adriana"]
[Black "Djukic, Nikola"]
[Result "0-1"]
[WhiteElo "2345"]
[BlackElo "2515"]
[EventDate "2012.05.05"]
[PlyCount "104"]

1.e4 d5 2.exd5 Qxd5 3.Nc3 Qd8 4.d4 Nf6 5.Nf3 Bg4 6.h3 Bxf3 7.Qxf3 c6 8.Be3
e6 9.Bd3 Nbd7 10.O-O Bd6 11.Rfe1 O-O 12.Ne4 Nxe4 13.Qxe4 g6 14.Bc4 Re8 15.
Rad1 a5 16.a4 Nb6 17.Bb3 Nd5 18.Bh6 Qf6 19.h4 Bf4 20.Bxd5 Bxh6 21.Bb3 Rad8
22.Rd3 Qf4 23.Qxf4 Bxf4 24.g3 Bd6 25.Red1 Re7 26.c4 Red7 27.Kf1 Bc5 28.d5 
cxd5 29.cxd5 e5 30.Bc4 e4 31.R3d2 Kg7 32.Ke2 Rd6 33.Rf1 Rf6 34.Rc2 Rf5 35.
Bb3 b6 36.Bc4 Re8 37.Kd1 Ree5 38.Re2 Rf3 39.Rd2 Bd6 40.Be2 Rff5 41.Bg4 e3 
42.Bxf5 exd2 43.Bd3 Bb4 44.Be2 Rxd5 45.b3 Rd8 46.f4 Rc8 47.Bc4 b5 48.axb5 
a4 49.Kc2 a3 50.g4 Re8 51.f5 Re1 52.f6+ Kf8 0-1

[Event "42nd Bosna it"]
[Site "Sarajevo YUG"]
[Date "2012.05.05"]
[Round "1.18"]
[White "Savic, Miodrag"]
[Black "Kamberovic, Senad"]
[Result "1/2-1/2"]
[WhiteElo "2515"]
[BlackElo "2280"]
[EventDate "2012.05.05"]
[PlyCount "127"]

1.e4 c6 2.d4 d5 3.e5 Bf5 4.Nf3 e6 5.Be2 c5 6.O-O Nc6 7.c3 Bg4 8.Nbd2 cxd4 
9.cxd4 Qb6 10.h3 Bh5 11.a3 a5 12.Qa4 Rc8 13.b3 Be7 14.Rd1 Bd8 15.b4 Ne7 
16.b5 Nb8 17.Bb2 O-O 18.Rac1 Qa7 19.Rxc8 Nxc8 20.Rc1 Nb6 21.Qd1 N8d7 22.a4
Be7 23.Nf1 Rc8 24.Rxc8+ Nxc8 25.g4 Bg6 26.Ng3 Ncb6 27.h4 Be4 28.Ng5 Bxg5 
29.hxg5 Qb8 30.Bc3 Qc8 31.Bxa5 Bc2 32.Qa1 Bxa4 33.Qa3 Qa8 34.Bxb6 Nxb6 35.
Qd6 Nc4 36.Qb4 Nb6 37.Nf1 Qd8 38.Ne3 h6 39.gxh6 gxh6 40.Kg2 Qf8 41.Qa5 Qd8
42.Bd3 Bb3 43.Kg3 Qc7 44.g5 hxg5 45.Ng4 Qc1 46.Kg2 Bc4 47.Bxc4 Nxc4 48.
Qd8+ Kg7 49.Qf6+ Kf8 50.Qd8+ Kg7 51.Qf6+ Kf8 52.Qh8+ Ke7 53.Nf6 Ne3+ 54.
Kf3 g4+ 55.Ke2 Qd1+ 56.Kxe3 Qf3+ 57.Kd2 Qxf2+ 58.Kd3 Qf1+ 59.Ke3 Qf3+ 60.
Kd2 Qf2+ 61.Kc1 Qf1+ 62.Kd2 Qf2+ 63.Kc3 Qe3+ 64.Kb4 1/2-1/2

[Event "42nd Bosna it"]
[Site "Sarajevo YUG"]
[Date "2012.05.05"]
[Round "1.19"]
[White "Ivanov, Stojan"]
[Black "Lajthajm, Borko"]
[Result "0-1"]
[WhiteElo "2263"]
[BlackElo "2493"]
[EventDate "2012.05.05"]
[PlyCount "82"]

1.Nf3 Nf6 2.d4 e6 3.c4 Bb4+ 4.Bd2 Qe7 5.Nc3 b6 6.e3 Bxc3 7.Bxc3 Ne4 8.Qc2 
Bb7 9.Bd3 Nxc3 10.Qxc3 d6 11.Qc2 Bxf3 12.gxf3 a5 13.Qa4+ Qd7 14.Qb5 a4 15.
Qg5 g6 16.Qf6 Rg8 17.h4 Qe7 18.Qxe7+ Kxe7 19.h5 a3 20.b4 c5 21.hxg6 hxg6 
22.bxc5 bxc5 23.dxc5 dxc5 24.Rb1 Nc6 25.Be4 Rab8 26.Rb5 Rxb5 27.cxb5 Nb4 
28.Kd2 Nxa2 29.Ra1 Rd8+ 30.Kc2 Nb4+ 31.Kc3 f5 32.Bb7 Rb8 33.Ba6 a2 34.Kc4 
Kd6 35.e4 Ra8 36.e5+ Kxe5 37.Bb7 Ra3 38.b6 Kd6 39.Kb5 Nc2 40.Rd1+ Nd4+ 41.
Kc4 a1=Q 0-1

[Event "42nd Bosna it"]
[Site "Sarajevo YUG"]
[Date "2012.05.05"]
[Round "1.20"]
[White "Stojanovic, Dalibor"]
[Black "Kharmunova, Nadezhda"]
[Result "1-0"]
[WhiteElo "2485"]
[BlackElo "2227"]
[EventDate "2012.05.05"]
[PlyCount "47"]

1.e4 c6 2.d4 d5 3.e5 Bf5 4.Ne2 e6 5.Ng3 Bg6 6.h4 h6 7.h5 Bh7 8.Bd3 Bxd3 9.
cxd3 Qb6 10.Be3 Qxb2 11.Nd2 Nd7 12.O-O Qa3 13.Nb3 a5 14.Rb1 Ne7 15.Nc5 b5 
16.Nb7 Nc8 17.Qc2 Bb4 18.Qxc6 Na7 19.Nd6+ Ke7 20.Ngf5+ exf5 21.Nxf5+ Kd8 
22.Qxa8+ Nc8 23.Rfc1 Nb6 24.Qb7 1-0

[Event "42nd Bosna it"]
[Site "Sarajevo YUG"]
[Date "2012.05.06"]
[Round "2.1"]
[White "Nabaty, Tamir"]
[Black "Melkumian, Hrant"]
[Result "0-1"]
[WhiteElo "2553"]
[BlackElo "2642"]
[EventDate "2012.05.05"]
[PlyCount "90"]

1.e4 e5 2.Bc4 Nf6 3.d3 Nc6 4.Nc3 Na5 5.Bb3 Nxb3 6.axb3 d5 7.Bg5 dxe4 8.
dxe4 Qxd1+ 9.Rxd1 Bb4 10.Nf3 Be6 11.Bxf6 gxf6 12.Nh4 Rg8 13.h3 a5 14.Kd2 
c6 15.Kc1 b5 16.Rd3 a4 17.bxa4 bxa4 18.Rhd1 Rg5 19.g4 h5 20.Nf5 hxg4 21.h4
Rxf5 22.exf5 Bxf5 23.Re3 a3 24.bxa3 Bxa3+ 25.Kd2 Bc5 26.Re2 Ke7 27.Ne4 
Bb4+ 28.Ke3 Ra3+ 29.Rd3 Ra4 30.f3 gxf3 31.Kxf3 Bg6 32.Ng3 Bxd3 33.cxd3 Ra3
34.Ke4 Ra4 35.Nf5+ Ke6 36.Rc2 Bc3+ 37.d4 exd4 38.h5 d3+ 39.Kxd3 Be5 40.Rf2
Kd5 41.Ne7+ Kd6 42.Nf5+ Kc5 43.h6 Ra1 44.Rg2 Kd5 45.Rh2 Ra3+ 0-1

[Event "42nd Bosna it"]
[Site "Sarajevo YUG"]
[Date "2012.05.06"]
[Round "2.2"]
[White "Cvitan, Ognjen"]
[Black "Erdos, Viktor"]
[Result "1/2-1/2"]
[WhiteElo "2541"]
[BlackElo "2624"]
[EventDate "2012.05.05"]
[PlyCount "22"]

1.d4 Nf6 2.c4 g6 3.Nc3 d5 4.Nf3 Bg7 5.e3 O-O 6.Be2 c5 7.O-O cxd4 8.exd4 
Nc6 9.Re1 Bf5 10.Bg5 Rc8 11.Rc1 dxc4 1/2-1/2

[Event "42nd Bosna it"]
[Site "Sarajevo YUG"]
[Date "2012.05.06"]
[Round "2.3"]
[White "Beliavsky, Alexander"]
[Black "Yilmaz, Mustafa"]
[Result "0-1"]
[WhiteElo "2613"]
[BlackElo "2536"]
[EventDate "2012.05.05"]
[PlyCount "115"]

1.d4 d5 2.c4 c6 3.Nf3 Nf6 4.Nc3 a6 5.c5 Nbd7 6.Bf4 Nh5 7.Bg5 h6 8.Bd2 g6 
9.e4 dxe4 10.Nxe4 Ndf6 11.Nxf6+ Nxf6 12.Bc4 Bg7 13.Qb3 O-O 14.O-O Nd7 15.
Rad1 a5 16.Qc2 b5 17.cxb6 Nxb6 18.Bxh6 Nxc4 19.Bxg7 Kxg7 20.Qxc4 Ba6 21.
Qxc6 Bxf1 22.Rxf1 Rb8 23.b3 Qd6 24.Qe4 Rfc8 25.h4 Rc7 26.h5 gxh5 27.Qf5 
Rbc8 28.Qxa5 Qh6 29.Qe5+ Kg8 30.g3 e6 31.b4 Rd7 32.a4 Rd5 33.Qe2 h4 34.b5 
hxg3 35.fxg3 Qg6 36.Rf2 Rc1+ 37.Kg2 Qh7 38.g4 Ra1 39.Qb2 Rh1 40.Kg3 Qh3+ 
41.Kf4 Qh6+ 42.Ke4 Rb1 43.Qd2 Qg6+ 44.Kf4 Ra1 45.Qb2 Rxa4 46.b6 e5+ 47.Kg3
exd4 48.b7 Qd6+ 49.Kh3 Rb4 50.Qc2 Qb6 51.Qc8+ Kg7 52.Nh4 Qxb7 53.Nf5+ Kh7 
54.Qf8 Rxf5 55.gxf5 Rb3+ 56.Kh2 Qc7+ 57.Kh1 Rh3+ 58.Kg1 0-1

[Event "42nd Bosna it"]
[Site "Sarajevo YUG"]
[Date "2012.05.06"]
[Round "2.4"]
[White "Djukic, Nikola"]
[Black "Palac, Mladen"]
[Result "1/2-1/2"]
[WhiteElo "2515"]
[BlackElo "2604"]
[EventDate "2012.05.05"]
[PlyCount "51"]

1.e4 c5 2.Nf3 d6 3.d4 cxd4 4.Nxd4 Nf6 5.Nc3 a6 6.Be3 e6 7.g4 e5 8.Nf5 g6 
9.g5 gxf5 10.exf5 d5 11.Qf3 Ne4 12.Nxe4 dxe4 13.Qxe4 Nc6 14.Bc4 Qd7 15.g6 
fxg6 16.fxg6 Qf5 17.Bf7+ Ke7 18.Qh4+ Kd6 19.Bb6 Nd4 20.Bxd4 exd4 21.Qxd4+ 
Kc7 22.O-O-O hxg6 23.Qxh8 Qxf7 24.Qe5+ Kb6 25.Qe3+ Kc7 26.Qe5+ 1/2-1/2

[Event "42nd Bosna it"]
[Site "Sarajevo YUG"]
[Date "2012.05.06"]
[Round "2.5"]
[White "Kozul, Zdenko"]
[Black "Stojanovic, Dalibor"]
[Result "1/2-1/2"]
[WhiteElo "2593"]
[BlackElo "2485"]
[EventDate "2012.05.05"]
[PlyCount "112"]

1.d4 d5 2.c4 c6 3.e3 Nf6 4.Nc3 g6 5.Nf3 Bg7 6.Bd3 O-O 7.O-O dxc4 8.Bxc4 
Bg4 9.h3 Bxf3 10.Qxf3 Nbd7 11.Rd1 e5 12.d5 e4 13.Nxe4 Nxe4 14.Qxe4 Nb6 15.
Bb3 cxd5 16.Qf3 Qf6 17.Qxf6 Bxf6 18.Rb1 Rfd8 19.Bd2 Nc4 20.Bc3 Bxc3 21.
bxc3 Rac8 22.Bxc4 dxc4 23.Rxd8+ Rxd8 24.Rxb7 Rd1+ 25.Kh2 Rc1 26.Rxa7 Rxc3 
27.Kg3 Rc2 28.a4 Ra2 29.a5 c3 30.Rc7 Rxa5 31.Rxc3 Kg7 32.Rc7 h5 33.e4 Ra3+
34.f3 Ra2 35.e5 Re2 36.f4 Re4 37.Rc1 Ra4 38.Rc3 Rb4 39.Rd3 Ra4 40.Kf3 Rb4 
41.Re3 Ra4 42.g4 hxg4+ 43.hxg4 Kf8 44.Kg3 Rb4 45.Ra3 Ke7 46.Ra7+ Ke6 47.
Ra6+ Ke7 48.Rf6 g5 49.fxg5 Re4 50.Rf5 Re1 51.Kf2 Re4 52.Kf3 Re1 53.Rf4 
Rxe5 54.Re4 f6 55.Kf4 Rxe4+ 56.Kxe4 Kf7 1/2-1/2

[Event "42nd Bosna it"]
[Site "Sarajevo YUG"]
[Date "2012.05.06"]
[Round "2.6"]
[White "Lajthajm, Borko"]
[Black "Jankovic, Alojzije"]
[Result "1-0"]
[WhiteElo "2493"]
[BlackElo "2564"]
[EventDate "2012.05.05"]
[PlyCount "49"]

1.d4 Nf6 2.c4 g6 3.Nc3 d5 4.Bg5 Ne4 5.Bh4 Nxc3 6.bxc3 dxc4 7.Qa4+ Qd7 8.
Qxc4 b6 9.Nf3 Bb7 10.Ne5 Qd5 11.e3 f6 12.Qa4+ Nc6 13.Bc4 Qxg2 14.Bf7+ Kd8 
15.O-O-O Bh6 16.Rhg1 Qe4 17.Be6 Qxh4 18.Nxc6+ Ke8 19.Nxe7+ c6 20.Nxc6 a6 
21.Ne5+ b5 22.Bf7+ Kf8 23.Qb4+ Kg7 24.Qe7 Bg5 25.Bd5+ 1-0

[Event "42nd Bosna it"]
[Site "Sarajevo YUG"]
[Date "2012.05.06"]
[Round "2.7"]
[White "Pancevski, Filip"]
[Black "Kovacevic, Aleksandar"]
[Result "0-1"]
[WhiteElo "2473"]
[BlackElo "2557"]
[EventDate "2012.05.05"]
[PlyCount "84"]

1.e4 c5 2.Nf3 d6 3.d4 cxd4 4.Nxd4 Nf6 5.Nc3 a6 6.h3 e6 7.g4 Be7 8.Bg2 Nfd7
9.Be3 Nc6 10.Qe2 O-O 11.O-O-O Rb8 12.f4 Nxd4 13.Bxd4 Qc7 14.e5 dxe5 15.
fxe5 Bg5+ 16.Kb1 Bf4 17.Ne4 Bxe5 18.g5 b5 19.Qf2 Bb7 20.Rhe1 Rbd8 21.a3 
Bxd4 22.Rxd4 Ne5 23.Red1 Bd5 24.Qg3 Rc8 25.c3 Ng6 26.Qe1 Rfd8 27.h4 Nf4 
28.Bf3 Bb3 29.Rxd8+ Rxd8 30.Rxd8+ Qxd8 31.Nc5 Bc4 32.Qe3 Nd5 33.Qd4 Qd6 
34.b3 Bf1 35.Kc1 a5 36.Kd2 Qh2+ 37.Ke1 Qg3+ 38.Qf2 Qe5+ 39.Kxf1 Ne3+ 40.
Kg1 Qxc5 41.b4 axb4 42.cxb4 Qc1+ 0-1

[Event "42nd Bosna it"]
[Site "Sarajevo YUG"]
[Date "2012.05.06"]
[Round "2.9"]
[White "Kamberovic, Senad"]
[Black "Banusz, Tamas"]
[Result "0-1"]
[WhiteElo "2280"]
[BlackElo "2582"]
[EventDate "2012.05.05"]
[PlyCount "70"]

1.d4 Nf6 2.Nf3 g6 3.Bf4 Bg7 4.h3 d6 5.e3 O-O 6.Be2 b6 7.O-O Bb7 8.c4 Nbd7 
9.Nc3 Ne4 10.Nxe4 Bxe4 11.Rc1 e5 12.Bh2 Qe7 13.Nd2 Bb7 14.Bf3 Bxf3 15.Nxf3
e4 16.Nd2 f5 17.b4 c6 18.c5 dxc5 19.bxc5 bxc5 20.Nc4 cxd4 21.Bd6 Qf6 22.
Bxf8 Nxf8 23.exd4 Ne6 24.d5 Rd8 25.d6 Nf4 26.Kh2 Qg5 27.g3 Nd3 28.Rb1 Bd4 
29.f3 f4 30.gxf4 Nxf4 31.Rg1 Qh4 32.Qf1 Bxg1+ 33.Kxg1 Nxh3+ 34.Kg2 Rf8 35.
Qe1 exf3+ 0-1

[Event "42nd Bosna it"]
[Site "Sarajevo YUG"]
[Date "2012.05.06"]
[Round "2.10"]
[White "Brkic, Ante"]
[Black "Arsovic, Zoran"]
[Result "1/2-1/2"]
[WhiteElo "2569"]
[BlackElo "2455"]
[EventDate "2012.05.05"]
[PlyCount "46"]

1.e4 c5 2.Nf3 e6 3.d4 cxd4 4.Nxd4 Nc6 5.Nc3 Qc7 6.Be3 Nf6 7.f4 d6 8.Qf3 
Be7 9.O-O-O a6 10.g4 Nd7 11.g5 b5 12.Bd3 Bb7 13.Qh3 b4 14.Nce2 Nxd4 15.
Nxd4 Nc5 16.g6 Bf6 17.gxf7+ Qxf7 18.Bc4 Bxe4 19.Nxe6 Bxh1 20.Bxc5 dxc5 21.
Rxh1 Qd7 22.Re1 Qd6 23.Nxg7+ Kd8 1/2-1/2

[Event "42nd Bosna it"]
[Site "Sarajevo YUG"]
[Date "2012.05.06"]
[Round "2.11"]
[White "Ipatov, Alexander"]
[Black "Nestorovic, Lazar"]
[Result "1-0"]
[WhiteElo "2561"]
[BlackElo "2365"]
[EventDate "2012.05.05"]
[PlyCount "67"]

1.c4 Nf6 2.Nc3 g6 3.g3 Bg7 4.Bg2 O-O 5.Nf3 d6 6.O-O e5 7.d3 Nbd7 8.Rb1 a5 
9.a3 c6 10.Ne1 Nc5 11.b4 axb4 12.axb4 Ne6 13.e4 Nd4 14.h3 Ne8 15.Nc2 Nxc2 
16.Qxc2 Nc7 17.Be3 Ne6 18.Ne2 Bd7 19.Qd2 f5 20.exf5 Rxf5 21.d4 exd4 22.
Nxd4 Nxd4 23.Bxd4 Bxd4 24.Qxd4 Rf6 25.Ra1 Rxa1 26.Rxa1 Qe7 27.Kh2 Qf8 28.
Ra2 Rf7 29.b5 Rf6 30.Qb6 Rf7 31.Qxb7 cxb5 32.Ra8 Be8 33.Bd5 bxc4 34.Bxc4 
1-0